Регионална библиотека "Любен Каравелов" - Русе

Мъдра баба (Запис номер 142747)

MARC детайли
000 -Лидер
Контролно поле с фиксирана дължина 01472nam a2200325 c 4500
003 - Код на организацията, давaща контролен номер
Контролно поле BLK
005 - Дата и час на последна редакция
Контролно поле 20210203093111.0
008 - Елементи от данни с фиксирана дължина
fixed length control field 180409b bul|||||r ||||||| ||bul||
010 ## - Наследен системен номер
LC control number KNG00148844000
040 ## - Източник на каталожния запис
Идентификатор на билиотеката - собственик на записа BLK
041 ## - Код за език
Код за езика на текст/звукозапис или на отделно заглавие Български
Код за езика КДБФ Български
080 ## - УДК
Текстов определител УДК Българска литература
УДК код - определител по УДК 821.163.2
УДК определител -93-1
УДК - код + определител 821.163.2-93-1
100 1# - Редна дума - Автор
Автор Дядо Благо
Авторска отговорност първи автор
Автор - информация (биография) Русев, Стоян Стойков
R(LIN) 276579
139 ## - Редно поле
Редна дума Русев, Стоян Стойков
Авторски знак Русе - Р 94
245 10 - Сведения за заглавието
Заглавие Мъдра баба
Подзаглавни данни Гатанки
Редно поле (дума) Дядо Благо; подб. и ред. Кирил Момчилов; худож. Невена Петрова Тузсузова; * Стоян Стойков Русев.
257 ## - Страна на издаване
Страна на създаване/издаване България
260 ## - Област на издателските данни
Име на издателя, разпространителя и проч. Бълг. художник
Година на издаване 1981
Място на издаване, разпространение и проч. София
Печатница ДПК Д. Благоев
300 ## - Физическа характеристика
Страници 64 с.
Илюстрации и др. с ил.
Размери/Мащаб 28 см
380 ## - Жанр
Жанр Детска худож. лит.
490 ## - СЕРИИ (Колекции)
Име на серия Библиотека Слънчеви извори
9 (RLIN) 202183
500 ## - Общи забележки
Забележка Дядо Благо - псевд. на Стоян Стойков Русев. - 60 120 тир.
700 1# - Други автори (авторска отговорност)
Лично име Момчилов, Кирил
Автороска отговорност (Описва отношението между автора и произведението) подб. и ред.
9 (RLIN) 377042
700 1# - Други автори (авторска отговорност)
Лично име Тузсузова, Невена Петрова
Автороска отговорност (Описва отношението между автора и произведението) худож.
9 (RLIN) 377179
700 1# - Други автори (авторска отговорност)
Лично име Русев, Стоян Стойков
Автороска отговорност (Описва отношението между автора и произведението) *
9 (RLIN) 367517
852 ## - Местоположение
Форматна сигнатура Цб ІІ 18622
856 4# - Електронен адрес и достъп
Електронен формат pdf - файл
856 4# - Електронен адрес и достъп
Електронен формат pdf - файл
999 ## - СИСТЕМНИ КОНТРОЛНИ НОМЕРА
Koha biblionumber 142747
Koha biblioitemnumber 142747
942 ## - АРТИКУЛИ
Вид на библиотечния материал Книги
Скрит в OPAC Не
Периодичен библиозапис Да
944 ## - СЪЗДАВАНЕ И РЕДАКЦИЯ на ЗАПИСА
Създаване/Редакция Създаване
Дата на регистрацията/редакция 07.08.2013
Статус, дата на статуса 07.08.2013 - от С1,Р / 07.08.2013
Служител, извършил регистрацията/редакцията Серджан_Ахмедов
944 ## - СЪЗДАВАНЕ И РЕДАКЦИЯ на ЗАПИСА
Създаване/Редакция Редакция
Дата на регистрацията/редакция 07.08.2013
Статус, дата на статуса 07.08.2013 - от С1,Р / 07.08.2013
999 ## - СИСТЕМНИ КОНТРОЛНИ НОМЕРА
Koha biblioitemnumber 142747
Наличности
Код за отписване Код за изгубен артикул Източник на класификационната схема Код за повреда Коз за рестрикции Код за отдаване Артикулен № Име на библиотеката - собственик Име на библиотеката, в която се намира в момента Статус (Текущо местоположение) Дата на вписване в системата Местоположение - отдел Цена в лева Инвентарен номер Систематично азбучна сигнатура Баркод Номер на екземпляра Цена в евро Служебна бележка Служебен тип на артикула
  Не е изгубен Universal Decimal Classification Не е повреден без рестрикции ползва се в читалня 236463 Регионална библиотека "Любен Каравелов" Русе Регионална библиотека "Любен Каравелов" Русе Хранилище 1981-01-01 Основен фонд - ползва се само за читалня 1.34 337006 Цб ІІ 18622 120000337006 1 0.69 Вид: Сф N: стар фонд Дата: 01.01.1981 Книги
Изтеглен Не е изгубен Universal Decimal Classification Не е повреден без рестрикции заемане за дома 236464 Регионална библиотека "Любен Каравелов" Русе Регионална библиотека "Любен Каравелов" Русе Детски отдел 1981-01-01 Детски отдел 1.34 337007 ДХ 886.7/Р 94 337007 2 0.69 Вид: Сф N: стар фонд Дата: 01.01.1981 Дата инв: 05.08.2015 Бележки инв: Д2015 Книги
Изтеглен Не е изгубен Universal Decimal Classification Не е повреден без рестрикции заемане за дома 236465 Регионална библиотека "Любен Каравелов" Русе Регионална библиотека "Любен Каравелов" Русе Детски отдел 1981-01-01 Детски отдел 1.34 337008 ДХ 886.7/Р 94 337008 3 0.69 Вид: Сф N: стар фонд Дата: 01.01.1981 Дата инв: 05.08.2015 Бележки инв: Д2015 Книги
Vip Innovations Ltd, Rousse, Bulgaria 2025